| 000 | 00771nas a2200265 4500 | ||
|---|---|---|---|
| 001 | BR0801601 | ||
| 003 | BR-BrBNA | ||
| 005 | 20231205111721.0 | ||
| 007 | ta | ||
| 008 | 230509b bl.|||p| |||| 00| 00por d | ||
| 040 |
_aBR-BrBNA _bpor _cBiblioteca Nacional de Agricultura |
||
| 041 | _a(Pt) | ||
| 072 | _aL70; L40 | ||
| 100 | 1 | _aMartins, F.C. | |
| 100 | 1 | _aPimentel, A.C. | |
| 245 | 1 | _aResposta endometrial de éguas submetidas à infusão uterina com querosene e iodo povidine | |
| 650 | _aCIRURGIA | ||
| 650 | _aEGUA | ||
| 650 | _aÚTERO | ||
| 650 | _aHISTOLOGIA ANIMAL | ||
| 650 | _aIODO | ||
| 773 | 0 |
_tARS Veterinária (Brazil) _xISSN 0102-6380 _g(2006), v. 22(1) p. 70-79 _wBR0801601 |
|
| 909 |
_a202311 _bLúcia _c55 _dLúcia Elande |
||
| 942 |
_2AGRIS _n0 _cANA |
||
| 999 |
_c194117 _d194117 |
||